[Event "Nordic School-ch U17"]
[Site "Espoo"]
[Date "2012.02.19"]
[Round "5"]
[White "Kassani, Sam"]
[Black "Karlsson, Mikael"]
[Result "0-1"]
[WhiteElo "2005"]
[BlackElo "1867"]
[PlyCount "58"]
[EventDate "2012.02.17"]
[EventType "swiss"]
[EventRounds "6"]
[EventCountry "FIN"]
[SourceTitle "EXT 2022"]
[Source "ChessBase"]
[SourceDate "2021.10.06"]
[SourceVersion "1"]
[SourceVersionDate "2021.10.06"]
[SourceQuality "1"]

1. e4 c5 2. Nf3 Nc6 3. Bb5 g6 4. Bxc6 bxc6 5. 0-0 Bg7 6. Re1 Nf6 7. e5 Nd5 8. c3 c4 9. Qa4 Nb6 10. Qa5 0-0 11. b3 d5 12. exd6 exd6 13. bxc4 Bg4 14. d3 Bxf3 15. gxf3 Re8 16. Rxe8+ Qxe8 17. Be3 c5 18. Nd2 Qe5 19. Rc1 f5 20. f4 Qe6 21. Rb1 Bf6 22. Qa6 Qc8 23. Qa3 Qc6 24. d4 Be7 25. Qa6 Qc8 26. Qb5 Rb8 27. a4 Nd7 28. Qa5 Rxb1+ 29. Nxb1 a6 0-1

[Event "Reykjavik op"]
[Site "Reykjavik"]
[Date "2009.03.24"]
[Round "1"]
[White "Sofrigin, Alexej"]
[Black "Karlsson, Mikael"]
[Result "1-0"]
[WhiteElo "2252"]
[BlackElo "2122"]
[PlyCount "45"]
[EventDate "2009.03.24"]
[EventType "swiss"]
[EventRounds "9"]
[EventCountry "ISL"]
[SourceTitle "CBM 129 Extra"]
[Source "ChessBase"]
[SourceDate "2009.05.05"]
[SourceVersion "2"]
[SourceVersionDate "2009.05.20"]
[SourceQuality "1"]

1. Nf3 c5 2. g3 Nc6 3. Bg2 g6 4. 0-0 Bg7 5. c4 Nf6 6. Nc3 0-0 7. d4 cxd4 8. Nxd4 a6 9. h3 Qc7 10. Nc2 d6 11. Bg5 Be6 12. Ne3 Qd7 13. Ncd5 Bxd5 14. cxd5 Na7 15. Nc4 Nc8 16. Qd2 Rd8 17. Rac1 b5 18. Na5 Nb6 19. b3 Rac8 20. Nc6 Re8 21. Be3 Qb7 22. Bxb6 Nd7 23. Bd4 1-0